000 00447nam a22001817a 4500
003 MPLRDC
005 20220104200255.0
008 210129b ||||| |||| 00| 0 eng d
020 _a978-986-301-106-4
082 _a220.7 WJZ-11
100 _a吴九箴
245 _a觉醒2.0
_c
250 _a初版
260 _a台湾
_b大众国际书局股份有限公司
_c2012
300 _b
650 _a佛教杂论
942 _cBK
_o220.7 WJZ-11
999 _c66620
_d66610